header

Applications of turbulent and multiphase combustion (Record no. 96234)

MARC details
000 -LEADER
fixed length control field 01342nam a2200361Ia 4500
082 04 - DEWEY DECIMAL CLASSIFICATION NUMBER
Classification number 621.402/3
100 1# - MAIN ENTRY--AUTHOR NAME
Personal name Kuo, Kenneth K.
245 10 - TITLE STATEMENT
Title Applications of turbulent and multiphase combustion
260 ## - PUBLICATION, DISTRIBUTION, ETC. (IMPRINT)
Place of publication Hoboken, N.J. :
Name of publisher Wiley,
Year of publication c2012.
300 ## - PHYSICAL DESCRIPTION
Number of Pages xxii, 576 p. :
Other physical details ill.
650 #0 - SUBJECT ADDED ENTRY--TOPICAL TERM
Topical Term Combustion engineering.
Topical Term Turbulence.
Topical Term Multiphase flow
Topical Term Combustion
700 1# - ADDED ENTRY--PERSONAL NAME
Personal name Acharya, Ragini.
856 40 - ELECTRONIC LOCATION AND ACCESS
Uniform Resource Identifier http://site.ebrary.com/lib/rucke/Doc?id=10560537

No items available.

© 2026 Rongo University
Contact us: librarian | system librarian | Rongo university